[Event "DSM WK M 2011"]
[Site "Karlsruhe GER"]
[Date "2011.05.14"]
[Round "6"]
[White "Raab, Helen"]
[Black "Berger, Nadja"]
[Result "1-0"]
[Termination "normal"]
[Board "1.1"]
[WhiteElo "1884"]
[BlackElo "1710"]
[WhiteTeam "Gymnasium Mainz-Gonsenheim"]
[BlackTeam "Friedrich-Dessauer-Gymnasium Aschaffenburg"]
[PlyCount "61"]
[WhiteFideId "24653608"]
[BlackFideId "24692212"]
[EventCountry "GER"]
[EventRounds "7"]
[EventType "team-swiss"]
[EventDate "2011.05.12"]

1. e4 c5 2. Nf3 Nc6 3. d4 cxd4 4. Nxd4 e5 5. Nb5 a6 6. Nd6+ Bxd6 7. Qxd6 Qf6 8.
Qd1 Qg6 9. Nc3 Nge7 10. Be3 d5 11. exd5 Nb4 12. Rc1 Bf5 13. f3 Nxc2+ 14. Kf2
Nxe3 15. Kxe3 Qb6+ 16. Ke2 Qxb2+ 17. Qd2 Qb4 18. g4 Bg6 19. Kf2 Qd4+ 20. Qxd4
exd4 21. d6 Nc6 22. Nd5 Rd8 23. Bxa6 Rxd6 24. Bxb7 Nd8 25. Rhe1+ Kf8 26. Rc8 f6
27. a4 h5 28. Ne7 Be8 29. Nf5 hxg4 30. Nxd6 Rxh2+ 31. Kg1 1-0

[Event "DSM WK M 2011"]
[Site "Karlsruhe GER"]
[Date "2011.05.14"]
[Round "6"]
[White "Schnepper, Pauline"]
[Black "Efinger, Leila"]
[Result "1-0"]
[Termination "normal"]
[Board "1.2"]
[WhiteElo "1512"]
[BlackElo "1069"]
[WhiteTeam "Friedrich-Dessauer-Gymnasium Aschaffenburg"]
[BlackTeam "Gymnasium Mainz-Gonsenheim"]
[PlyCount "41"]
[WhiteFideId "12918040"]
[BlackFideId "12931705"]
[EventCountry "GER"]
[EventRounds "7"]
[EventType "team-swiss"]
[EventDate "2011.05.12"]

1. e4 c6 2. d4 d5 3. Nc3 dxe4 4. Nxe4 Bf5 5. Ng3 Bg6 6. Nf3 h6 7. Bd3 Bxd3 8.
Qxd3 Nf6 9. O-O e6 10. Bf4 Be7 11. c4 Nbd7 12. Ne4 O-O 13. Rab1 Nxe4 14. Qxe4
Rc8 15. Rfd1 Qb6 16. Ne5 Rfd8 17. Rd3 Nf6 18. Qe3 c5 19. Bxh6 Nh5 20. Qf3 g6
21. Qxf7+ 1-0

[Event "DSM WK M 2011"]
[Site "Karlsruhe GER"]
[Date "2011.05.14"]
[Round "6"]
[White "Liedel, Linda"]
[Black "Künstler, Tabea"]
[Result "0-1"]
[Termination "normal"]
[Board "1.3"]
[WhiteElo "898"]
[BlackElo "1254"]
[WhiteTeam "Gymnasium Mainz-Gonsenheim"]
[BlackTeam "Friedrich-Dessauer-Gymnasium Aschaffenburg"]
[PlyCount "84"]
[EventCountry "GER"]
[EventRounds "7"]
[EventType "team-swiss"]
[EventDate "2011.05.12"]

1. e4 e6 2. Nf3 d5 3. exd5 exd5 4. d4 Nc6 5. Bb5 Qd6 6. Bd2 Bd7 7. Nc3 O-O-O 8.
Ng5 Re8+ 9. Be2 Re7 10. O-O Nxd4 11. Be3 Nxe2+ 12. Qxe2 h6 13. Nf3 a6 14. Rfd1
Nf6 15. Qd2 Bc6 16. Nd4 g6 17. Nxc6 bxc6 18. Na4 Re4 19. Nc5 Rxe3 20. Qxe3 Qxc5
21. Qxc5 Bxc5 22. Rd3 Ne4 23. Rf3 f5 24. Re1 Rf8 25. c3 g5 26. h3 h5 27. g4
hxg4 28. hxg4 fxg4 29. Rxf8+ Bxf8 30. c4 Bc5 31. Re2 g3 32. Kf1 gxf2 33. Rxe4
dxe4 34. a3 e3 35. b4 Bd4 36. a4 g4 37. b5 cxb5 38. cxb5 axb5 39. axb5 g3 40.
b6 g2+ 41. Kxg2 e2 42. b7+ Kxb7 0-1

[Event "DSM WK M 2011"]
[Site "Karlsruhe GER"]
[Date "2011.05.14"]
[Round "6"]
[White "Fuks, Polina"]
[Black "Beck, Clara"]
[Result "1-0"]
[Termination "normal"]
[Board "1.4"]
[WhiteElo "1070"]
[BlackElo "812"]
[WhiteTeam "Friedrich-Dessauer-Gymnasium Aschaffenburg"]
[BlackTeam "Gymnasium Mainz-Gonsenheim"]
[PlyCount "107"]
[EventCountry "GER"]
[EventRounds "7"]
[EventType "team-swiss"]
[EventDate "2011.05.12"]

1. e4 e5 2. Nf3 Nc6 3. Bb5 Nf6 4. O-O Bc5 5. Re1 Ng4 6. Re2 d6 7. h3 Nf6 8. c3
O-O 9. d4 Bb6 10. Ba4 exd4 11. cxd4 Nxd4 12. Nxd4 Bd7 13. Bxd7 Qxd7 14. Nc3
Rfe8 15. Bf4 Nh5 16. Bh2 Re7 17. Nd5 Ree8 18. Nxb6 axb6 19. Nf3 Ra5 20. a3 d5
21. exd5 Rxe2 22. Qxe2 Rxd5 23. Bxc7 h6 24. Bxb6 Qb5 25. Qxb5 Rxb5 26. Bd4 Nf4
27. Kf1 Ne6 28. Bc3 Nc5 29. b4 Ne4 30. Be5 Rd5 31. Bf4 Rf5 32. Be3 Nc3 33. a4
Nd5 34. b5 Nc3 35. Nd4 Rd5 36. Ke1 Rd8 37. a5 Nd5 38. a6 bxa6 39. bxa6 Ra8 40.
Nb5 Nb4 41. Nc7 Rc8 42. Ra4 Nc2+ 43. Kd2 Nxe3 44. fxe3 Rxc7 45. a7 Rxa7 46.
Rxa7 Kh7 47. Rxf7 Kg6 48. Rf3 Kg5 49. e4 g6 50. e5 Kh4 51. e6 h5 52. e7 g5 53.
e8=Q g4 54. Qe7# 1-0

[Event "DSM WK M 2011"]
[Site "Karlsruhe GER"]
[Date "2011.05.14"]
[Round "6"]
[White "Evers, Annika"]
[Black "Brandl, Lea Maria"]
[Result "1-0"]
[Termination "normal"]
[Board "2.1"]
[WhiteElo "1708"]
[BlackElo "1541"]
[WhiteTeam "Athenaeum Stade"]
[BlackTeam "Marienschule Limburg"]
[PlyCount "77"]
[WhiteFideId "24691933"]
[BlackFideId "24693049"]
[EventCountry "GER"]
[EventRounds "7"]
[EventType "team-swiss"]
[EventDate "2011.05.12"]

1. d4 d5 2. Nf3 Nf6 3. e3 e6 4. Bd3 Be7 5. O-O O-O 6. b3 c5 7. Bb2 Nc6 8. Nbd2
b6 9. Ne5 Qc7 10. a3 Bb7 11. f4 Rac8 12. Rc1 Rfd8 13. Rf3 Nxe5 14. fxe5 Ne4 15.
Rh3 cxd4 16. exd4 h6 17. c4 Qd7 18. Nxe4 dxe4 19. Bb1 Bg5 20. Rc2 e3 21. Qg4
Qe7 22. Rg3 Qf8 23. h4 Be7 24. Rxe3 Kh8 25. Rg3 Rc7 26. Rf2 Qg8 27. Qh5 Rf8 28.
Bc1 g6 29. Qxh6+ Qh7 30. Qxh7+ Kxh7 31. Rg4 Rd7 32. h5 Kh8 33. hxg6 fxg6 34.
Rxf8+ Bxf8 35. Bxg6 Ba8 36. Bg5 Bxa3 37. Bf6+ Rg7 38. Bxg7+ Kxg7 39. Be4+ 1-0

[Event "DSM WK M 2011"]
[Site "Karlsruhe GER"]
[Date "2011.05.14"]
[Round "6"]
[White "Liez, Franziska"]
[Black "Lange, Anika"]
[Result "1/2-1/2"]
[Termination "normal"]
[Board "2.2"]
[WhiteElo "1441"]
[BlackElo "1450"]
[WhiteTeam "Marienschule Limburg"]
[BlackTeam "Athenaeum Stade"]
[PlyCount "80"]
[WhiteFideId "1271766"]
[BlackFideId "24693405"]
[EventCountry "GER"]
[EventRounds "7"]
[EventType "team-swiss"]
[EventDate "2011.05.12"]

1. e4 c5 2. Nf3 Nc6 3. Nc3 e6 4. d4 cxd4 5. Nxd4 Bb4 6. f4 Nf6 7. Nxc6 bxc6 8.
Bd3 d5 9. exd5 cxd5 10. O-O O-O 11. Kh1 Bb7 12. a3 Ba5 13. b4 Bb6 14. Na4 Rc8
15. Bb2 Be3 16. Qf3 Bb6 17. Nxb6 axb6 18. Rae1 Ne4 19. Qg4 Nf6 20. Qh4 h6 21.
Bd4 Nd7 22. Qg4 Nf6 23. Qh3 Ra8 24. Ra1 Bc8 25. Qe3 Rb8 26. Rf3 Bd7 27. Raf1
Re8 28. Rg3 Kf8 29. Be5 Ra8 30. Be2 Bc6 31. Bxf6 Qxf6 32. Qxb6 Rec8 33. Qe3 Bb7
34. Qd2 Qb2 35. Bd1 Rxa3 36. Rxa3 Qxa3 37. f5 Ba6 38. Rf3 Qa1 39. fxe6 Ke7 40.
exf7 Kf8 1/2-1/2

[Event "DSM WK M 2011"]
[Site "Karlsruhe GER"]
[Date "2011.05.14"]
[Round "6"]
[White "Steffens, Skrolan"]
[Black "Bajorski, Maria Sophie"]
[Result "0-1"]
[Termination "normal"]
[Board "2.3"]
[WhiteElo "1353"]
[BlackElo "1455"]
[WhiteTeam "Athenaeum Stade"]
[BlackTeam "Marienschule Limburg"]
[PlyCount "152"]
[BlackFideId "24654531"]
[EventCountry "GER"]
[EventRounds "7"]
[EventType "team-swiss"]
[EventDate "2011.05.12"]

1. e4 e5 2. Nf3 Nc6 3. Bc4 Nf6 4. d3 Bc5 5. c3 Bb6 6. O-O d6 7. b4 Bg4 8. a4 a6
9. Nbd2 O-O 10. Qb3 Qd7 11. Bb2 Rad8 12. a5 Ba7 13. b5 axb5 14. Bxb5 Be6 15. c4
Qe7 16. a6 Nd4 17. Nxd4 Bxd4 18. Bxd4 exd4 19. axb7 Nd7 20. Ra7 Rb8 21. Bc6 Nb6
22. Nf3 Qf6 23. Qb2 Qg6 24. Nxd4 Bh3 25. f3 Qg5 26. Re1 h6 27. Nb5 Be6 28. Nxc7
Qc5+ 29. Kf1 Qxc6 30. Nxe6 fxe6 31. Rb1 Nd7 32. Qb5 Qxb5 33. Rxb5 Nc5 34. d4
Nxe4 35. Ke1 Nf6 36. c5 dxc5 37. dxc5 Nd5 38. c6 Nc7 39. Rc5 Kf7 40. Rc2 Ke7
41. Kd2 Kd6 42. Kc1 Nd5 43. Ra4 Kc7 44. Rg4 Rf7 45. Rg6 Re7 46. Kd2 Nb4 47. Rc4
Nxc6 48. Rcg4 Rd7+ 49. Ke2 Ne5 50. Rxg7 Nxg4 51. Rxd7+ Kxd7 52. fxg4 Rxb7 53.
Kf3 Ke7 54. Kf4 Rb4+ 55. Kg3 Kf6 56. h4 e5 57. Kf3 Rf4+ 58. Ke3 Rxg4 59. Kf3
Rxh4 60. g3 Rh1 61. g4 Kg5 62. Ke4 Re1+ 63. Kf3 h5 64. gxh5 Kxh5 65. Kf2 Ra1
66. Ke3 Ra4 67. Kf3 Kg5 68. Ke3 Kf5 69. Kf3 Ra3+ 70. Ke2 Kf4 71. Kf2 Ra2+ 72.
Ke1 Kf3 73. Kd1 Ke3 74. Kc1 Kd3 75. Kb1 Rh2 76. Kc1 e4 0-1

[Event "DSM WK M 2011"]
[Site "Karlsruhe GER"]
[Date "2011.05.14"]
[Round "6"]
[White "Liez, Tatjana"]
[Black "Meinschien, Silke"]
[Result "1-0"]
[Termination "normal"]
[Board "2.4"]
[WhiteElo "1391"]
[BlackElo "800"]
[WhiteTeam "Marienschule Limburg"]
[BlackTeam "Athenaeum Stade"]
[PlyCount "145"]
[WhiteFideId "1271769"]
[EventCountry "GER"]
[EventRounds "7"]
[EventType "team-swiss"]
[EventDate "2011.05.12"]

1. e4 d6 2. Nf3 Nf6 3. Nc3 g6 4. d3 Bg7 5. Be2 O-O 6. O-O e5 7. Bd2 Bg4 8. Qc1
c6 9. Bg5 Qc8 10. Re1 Nbd7 11. h3 Be6 12. Bh6 d5 13. exd5 cxd5 14. Bxg7 Kxg7
15. Ng5 Nc5 16. Nxe6+ Nxe6 17. Bf3 d4 18. Nd5 Nxd5 19. Bxd5 f6 20. Qd2 Qd7 21.
Bf3 Rac8 22. Bg4 Qc6 23. Rac1 Nf4 24. Bf3 Qd7 25. Bg4 Qd5 26. Bf3 Qb5 27. b3 b6
28. Kh2 Qd7 29. Bg4 Qd5 30. Bf3 Qe6 31. Bg4 f5 32. Bf3 Qf6 33. c3 dxc3 34. Rxc3
Rxc3 35. Qxc3 Re8 36. g3 e4 37. Qxf6+ Kxf6 38. gxf4 Kf7 39. dxe4 fxe4 40. Rxe4
Rxe4 41. Bxe4 Kf6 42. Kg3 h6 43. Kf3 g5 44. fxg5+ Kxg5 45. Bb7 Kf5 46. Ke3 Ke5
47. f4+ Kf5 48. Bc8+ Kf6 49. Ke4 h5 50. Kd5 Ke7 51. a4 Kd8 52. Be6 Kc7 53. Ke5
Kd8 54. Kf6 Ke8 55. Bf7+ Kf8 56. Bxh5 a5 57. Be2 Ke8 58. Kg6 Kf8 59. Bc4 Ke7
60. h4 Kd6 61. h5 Kc5 62. h6 Kb4 63. h7 Kc3 64. h8=Q+ Kb4 65. Qb8 Kc5 66. Qc7+
Kb4 67. Qxb6+ Kc3 68. Qxa5+ Kd4 69. Qd5+ Kc3 70. b4 Kxb4 71. Kf5 Kxa4 72. Qb7
Ka5 73. Qb5# 1-0

[Event "DSM WK M 2011"]
[Site "Karlsruhe GER"]
[Date "2011.05.14"]
[Round "6"]
[White "Kluge, Leyla"]
[Black "Krein, Jana"]
[Result "0-1"]
[Termination "normal"]
[Board "3.1"]
[WhiteElo "1426"]
[BlackElo "1088"]
[WhiteTeam "Clemens-Winkler-Gymnasium Aue"]
[BlackTeam "Auguste-Viktoria-Gymnasium Trier"]
[PlyCount "78"]
[WhiteFideId "12918172"]
[BlackFideId "12937762"]
[EventCountry "GER"]
[EventRounds "7"]
[EventType "team-swiss"]
[EventDate "2011.05.12"]

1. c4 c5 2. Nc3 Nc6 3. g3 Nf6 4. Bg2 g6 5. d3 d6 6. Nf3 Bg7 7. O-O O-O 8. a3 a5
9. Bg5 Qc7 10. Bxf6 Bxf6 11. Nd5 Qd8 12. Nxf6+ exf6 13. Nd2 Bd7 14. Ne4 Kg7 15.
Nxd6 Qc7 16. Ne4 b6 17. Qd2 Rad8 18. Qc3 Nd4 19. e3 Ne2+ 20. Kh1 Nxc3 21. Nxc3
Bc6 22. Rad1 Bxg2+ 23. Kxg2 Qc6+ 24. e4 Rfe8 25. Nd5 h6 26. f4 Rb8 27. h3 b5
28. Rf2 bxc4 29. dxc4 Rxe4 30. Rc2 Rd4 31. Rxd4 cxd4 32. Kf2 Qc5 33. Ke2 Rb3
34. g4 Rxh3 35. b4 axb4 36. axb4 Qc8 37. Ke1 Qxg4 38. Rf2 Rh1+ 39. Kd2 Qd1# 0-1

[Event "DSM WK M 2011"]
[Site "Karlsruhe GER"]
[Date "2011.05.14"]
[Round "6"]
[White "Kim, Yu-Mi"]
[Black "Schmieder, Michelle"]
[Result "0-1"]
[Termination "normal"]
[Board "3.2"]
[WhiteElo "1107"]
[BlackElo "1217"]
[WhiteTeam "Auguste-Viktoria-Gymnasium Trier"]
[BlackTeam "Clemens-Winkler-Gymnasium Aue"]
[PlyCount "140"]
[WhiteFideId "12955361"]
[EventCountry "GER"]
[EventRounds "7"]
[EventType "team-swiss"]
[EventDate "2011.05.12"]

1. e4 e5 2. Nf3 Nc6 3. Bc4 Bc5 4. c3 Nf6 5. d4 exd4 6. cxd4 Bb4+ 7. Nc3 Nxe4 8.
O-O Bxc3 9. bxc3 O-O 10. Qd3 d5 11. Bb3 Bf5 12. Qe3 Re8 13. Qf4 Qd7 14. Nh4 Be6
15. Bb2 Ne7 16. Qe3 b6 17. Bc2 Nf6 18. f4 Nf5 19. Nxf5 Bxf5 20. Bxf5 Qxf5 21.
Qf3 Re6 22. Rae1 Rae8 23. Rxe6 Rxe6 24. Rc1 Re4 25. g3 Ng4 26. h3 Ne3 27. Re1
Nc4 28. Rxe4 dxe4 29. Qe2 Nxb2 30. Qxb2 Qxh3 31. Qf2 Qe6 32. Qe3 f5 33. Qe2 c5
34. dxc5 bxc5 35. Qb5 Qc8 36. Kf2 Kf7 37. Qc4+ Kf6 38. Qd5 h5 39. Qe5+ Kg6 40.
Qd6+ Kh7 41. Qe7 Qa6 42. Qg5 Qg6 43. Qe7 Qa6 44. Qg5 Qxa2+ 45. Ke3 g6 46. Qe7+
Kh6 47. Qg5+ Kg7 48. Qe7+ Qf7 49. Qxc5 Qd7 50. Qc4 a5 51. Ke2 Qa7 52. Kf1 a4
53. Qa2 e3 54. Ke2 Kf6 55. Qd5 a3 56. Qa2 Qc5 57. Qb3 g5 58. c4 gxf4 59. gxf4
h4 60. Qc2 h3 61. Kf3 Qd4 62. Kg3 Qd2 63. Qxd2 exd2 64. Kxh3 d1=Q 65. Kg3 Qg4+
66. Kf2 a2 67. c5 a1=R 68. Ke3 Ra3+ 69. Kd2 Qg2+ 70. Kc1 Ra1# 0-1

[Event "DSM WK M 2011"]
[Site "Karlsruhe GER"]
[Date "2011.05.14"]
[Round "6"]
[White "Münzner, Jasmin"]
[Black "Bach, Kira"]
[Result "1/2-1/2"]
[Termination "normal"]
[Board "3.3"]
[WhiteElo "1100"]
[BlackElo "1136"]
[WhiteTeam "Clemens-Winkler-Gymnasium Aue"]
[BlackTeam "Auguste-Viktoria-Gymnasium Trier"]
[PlyCount "64"]
[BlackFideId "12907677"]
[EventCountry "GER"]
[EventRounds "7"]
[EventType "team-swiss"]
[EventDate "2011.05.12"]

1. e4 e6 2. d4 d5 3. e5 c5 4. c3 Nc6 5. Be3 Qb6 6. b3 f6 7. Nf3 Be7 8. Be2 cxd4
9. Nxd4 Nxe5 10. Nb5 Bc5 11. Bxc5 Qxc5 12. b4 Qb6 13. Qc2 Bd7 14. Nd4 Nc6 15.
Nxc6 Bxc6 16. O-O Ne7 17. Nd2 O-O 18. Rad1 a5 19. a3 axb4 20. axb4 Ba4 21. Nb3
Rac8 22. Ra1 Ra8 23. Qb2 Bxb3 24. Qxb3 e5 25. Ra2 Rxa2 26. Qxa2 e4 27. c4 Qxb4
28. cxd5 Kh8 29. Rb1 Qd6 30. Bc4 Qd7 31. Rb5 f5 32. Qb3 Rb8 1/2-1/2

[Event "DSM WK M 2011"]
[Site "Karlsruhe GER"]
[Date "2011.05.14"]
[Round "6"]
[White "Kim, Yun-Mi"]
[Black "Boden, Talitha"]
[Result "1-0"]
[Termination "normal"]
[Board "3.4"]
[WhiteElo "1020"]
[BlackElo "922"]
[WhiteTeam "Auguste-Viktoria-Gymnasium Trier"]
[BlackTeam "Clemens-Winkler-Gymnasium Aue"]
[PlyCount "133"]
[EventCountry "GER"]
[EventRounds "7"]
[EventType "team-swiss"]
[EventDate "2011.05.12"]

1. e4 d6 2. d4 Nf6 3. Nc3 g6 4. Nf3 Bg7 5. Bf4 O-O 6. Bc4 Nc6 7. O-O e6 8. Qd2
d5 9. exd5 exd5 10. Bb3 Re8 11. Bh6 Bf5 12. Bg5 Qd7 13. Bxf6 Bxf6 14. Nxd5 Bg7
15. c3 Ne7 16. Ne3 c6 17. Ng5 Be6 18. Nxe6 fxe6 19. Rae1 Kh8 20. Ng4 Nd5 21.
Ne5 Bxe5 22. Rxe5 Rf8 23. Bxd5 exd5 24. Qe3 Rae8 25. Qg5 Rxe5 26. Qxe5+ Qg7 27.
Qxg7+ Kxg7 28. Re1 Kf7 29. h3 h6 30. Re3 a6 31. Rf3+ Kg7 32. Rxf8 Kxf8 33. Kh2
Kf7 34. Kg3 Kf6 35. Kf4 h5 36. g4 hxg4 37. hxg4 g5+ 38. Kg3 b6 39. f4 a5 40.
fxg5+ Kxg5 41. a3 c5 42. dxc5 bxc5 43. b4 axb4 44. axb4 cxb4 45. cxb4 d4 46.
Kf3 Kf6 47. b5 Ke6 48. g5 Kd5 49. g6 Kc4 50. g7 d3 51. g8=Q+ Kc3 52. Qc8+ Kd2
53. Qd8 Kc2 54. Qxd3+ Kxd3 55. b6 Kd4 56. b7 Kd5 57. b8=Q Kd4 58. Qb3 Kc5 59.
Qd3 Kc6 60. Qd4 Kc7 61. Qd5 Kc8 62. Qd6 Kb7 63. Ke4 Ka7 64. Qb4 Ka6 65. Kd5 Ka7
66. Kc6 Ka8 67. Qb7# 1-0

[Event "DSM WK M 2011"]
[Site "Karlsruhe GER"]
[Date "2011.05.14"]
[Round "6"]
[White "Frey, Alisa"]
[Black "Hund, Sarah"]
[Result "1-0"]
[Termination "normal"]
[Board "4.1"]
[WhiteElo "2014"]
[BlackElo "1248"]
[WhiteTeam "Lise-Meitner-Gymnasium Königsbach-Stein"]
[BlackTeam "Rotteck-Gymnasium Freiburg"]
[PlyCount "103"]
[WhiteFideId "24634662"]
[BlackFideId "12923338"]
[EventCountry "GER"]
[EventRounds "7"]
[EventType "team-swiss"]
[EventDate "2011.05.12"]

1. e4 e5 2. Nf3 Nc6 3. Bb5 a6 4. Ba4 Nf6 5. O-O Bc5 6. d3 O-O 7. Bxc6 dxc6 8.
Nxe5 Qd6 9. Nc4 Qe7 10. Bg5 Qe6 11. Nc3 Re8 12. Qf3 Nd7 13. Qg3 Bd6 14. Nxd6
cxd6 15. h3 Nb6 16. Be3 Nd7 17. Bf4 d5 18. exd5 cxd5 19. Qf3 Nf6 20. Bg5 d4 21.
Bxf6 Qxf6 22. Qxf6 gxf6 23. Nd5 Re2 24. Rac1 Kg7 25. Rfe1 Rxe1+ 26. Rxe1 Be6
27. Nc7 Rc8 28. Nxe6+ fxe6 29. Rxe6 Rxc2 30. Re7+ Kg6 31. Rxb7 Rd2 32. Kf1 h6
33. a4 Kf5 34. Rb6 Ke5 35. Ke1 Rc2 36. b4 Rb2 37. b5 axb5 38. Rxb5+ Rxb5 39.
axb5 Kd5 40. Ke2 Kc5 41. Kf3 Kxb5 42. Ke4 Kc5 43. g4 Kd6 44. Kxd4 Ke6 45. Ke4
Kd6 46. Kf5 Kd5 47. Kxf6 Kd4 48. f4 Kxd3 49. f5 Kd4 50. Ke6 Ke4 51. f6 Kd4 52.
f7 1-0

[Event "DSM WK M 2011"]
[Site "Karlsruhe GER"]
[Date "2011.05.14"]
[Round "6"]
[White "Krißmer, Maria"]
[Black "Kühnel, Lena"]
[Result "0-1"]
[Termination "normal"]
[Board "4.2"]
[WhiteElo "1006"]
[BlackElo "1863"]
[WhiteTeam "Rotteck-Gymnasium Freiburg"]
[BlackTeam "Lise-Meitner-Gymnasium Königsbach-Stein"]
[PlyCount "102"]
[BlackFideId "24640956"]
[EventCountry "GER"]
[EventRounds "7"]
[EventType "team-swiss"]
[EventDate "2011.05.12"]

1. e4 c5 2. Nc3 e6 3. Nf3 a6 4. d4 cxd4 5. Nxd4 Qc7 6. Be3 Bb4 7. Be2 Bxc3+ 8.
bxc3 Qxc3+ 9. Kf1 Nf6 10. Bf3 O-O 11. Bg5 Nc6 12. Ne2 Qa5 13. Bf4 Qb5 14. Rb1
Qa5 15. a3 Ne5 16. h3 Nxf3 17. gxf3 d5 18. exd5 Qxd5 19. Qxd5 Nxd5 20. Be5 b5
21. Rg1 f6 22. Bd6 Rd8 23. Bc5 e5 24. c3 Bxh3+ 25. Ke1 Rdc8 26. Be3 Nxc3 27.
Nxc3 Rxc3 28. Ra1 Rd8 29. Ke2 Rc2+ 30. Ke1 Rd3 31. Rh1 Be6 32. Rh4 Rcc3 33. Rb4
Rxa3 34. Rxa3 Rxa3 35. Rb1 Bc4 36. f4 e4 37. Bc1 Rb3 38. Ra1 b4 39. Kd1 h5 40.
Kc2 Rd3 41. Bb2 b3+ 42. Kc1 h4 43. Ra4 Bb5 44. Rxe4 h3 45. Re2 h2 46. Re1 Bc6
47. Kb1 h1=Q 48. Rxh1 Bxh1 49. Kc1 a5 50. f3 Bxf3 51. f5 Rd1# 0-1

[Event "DSM WK M 2011"]
[Site "Karlsruhe GER"]
[Date "2011.05.14"]
[Round "6"]
[White "Roether, Barbara"]
[Black "Atabay, Hatun"]
[Result "0-1"]
[Termination "normal"]
[Board "4.3"]
[WhiteElo "800"]
[BlackElo "992"]
[WhiteTeam "Lise-Meitner-Gymnasium Königsbach-Stein"]
[BlackTeam "Rotteck-Gymnasium Freiburg"]
[PlyCount "28"]
[BlackFideId "12929603"]
[EventCountry "GER"]
[EventRounds "7"]
[EventType "team-swiss"]
[EventDate "2011.05.12"]

1. e4 e5 2. Nf3 Nc6 3. Nc3 Nf6 4. Bb5 Bc5 5. d4 exd4 6. Nxd4 Bxd4 7. Be3 Bxc3+
8. bxc3 Nxe4 9. Bd4 d5 10. O-O O-O 11. Qd3 Nxd4 12. Qxd4 Qg5 13. a4 Bh3 14.
Rfe1 Qxg2# 0-1

[Event "DSM WK M 2011"]
[Site "Karlsruhe GER"]
[Date "2011.05.14"]
[Round "6"]
[White "Langner, Helen"]
[Black "Kauselmann, Laura"]
[Result "1/2-1/2"]
[Termination "normal"]
[Board "4.4"]
[WhiteElo "800"]
[BlackElo "899"]
[WhiteTeam "Rotteck-Gymnasium Freiburg"]
[BlackTeam "Lise-Meitner-Gymnasium Königsbach-Stein"]
[PlyCount "45"]
[EventCountry "GER"]
[EventRounds "7"]
[EventType "team-swiss"]
[EventDate "2011.05.12"]

1. e4 e5 2. Nf3 Nc6 3. Bb5 a6 4. Bxc6 dxc6 5. O-O Nf6 6. Re1 Bg4 7. h3 Bh5 8.
a3 Bc5 9. g4 Bg6 10. b4 Bd4 11. c3 Bb6 12. d3 h6 13. Nxe5 O-O 14. Nxg6 fxg6 15.
Bf4 g5 16. Be5 Nd7 17. Bg3 Qe7 18. Nd2 Ne5 19. Qe2 Rf6 20. d4 Ng6 21. e5 Rf7
22. Qe3 Raf8 23. Rf1 1/2-1/2

[Event "DSM WK M 2011"]
[Site "Karlsruhe GER"]
[Date "2011.05.14"]
[Round "6"]
[White "Triantafillidis, Katherina"]
[Black "Kury, Valerie"]
[Result "1-0"]
[Termination "normal"]
[Board "5.1"]
[WhiteElo "1290"]
[BlackElo "1253"]
[WhiteTeam "Elly-Heuss-Knapp-Gymnasium Heilbronn"]
[BlackTeam "St. Ursula-Gymnasium Freiburg"]
[PlyCount "120"]
[WhiteFideId "24692409"]
[EventCountry "GER"]
[EventRounds "7"]
[EventType "team-swiss"]
[EventDate "2011.05.12"]

1. e4 e5 2. Nf3 Nf6 3. Nc3 Nc6 4. d4 Bb4 5. Bg5 h6 6. Bh4 g5 7. Bg3 Nxe4 8. Qd3
Nxg3 9. hxg3 Qf6 10. Qe4 d6 11. Bb5 Bd7 12. d5 Bxc3+ 13. bxc3 Nb8 14. Bxd7+
Nxd7 15. O-O Nc5 16. Qb4 Qf5 17. Qb5+ Kf8 18. Ne1 h5 19. Nd3 a6 20. Qb1 b6 21.
Nxc5 dxc5 22. Qd1 h4 23. Qf3 Qxc2 24. d6 Kg7 25. dxc7 Ra7 26. Qg4 Rxc7 27.
Qxg5+ Kh7 28. Qxe5 Rc6 29. gxh4 Rh6 30. g3 Rg8 31. Kh2 Rgg6 32. Qc7 Rg7 33. Qe5
Rgg6 34. a3 Qd2 35. Rad1 Qb2 36. Rd7 Rg7 37. Qf5+ Kh8 38. Rxf7 Rxf7 39. Qxf7
Qxc3 40. Rd1 Qg7 41. Rd8+ Kh7 42. Qf5+ Qg6 43. Rd7+ Kg8 44. Qd5+ Kf8 45. Qa8+
Qe8 46. Qf3+ Kg8 47. Qd5+ Kf8 48. Rd8 Qxd8 49. Qxd8+ Kg7 50. Qd7+ Kf8 51. Qf5+
Ke8 52. Qg5 Rc6 53. h5 c4 54. Qe3+ Kf7 55. Qc3 b5 56. g4 Rf6 57. Kg3 Rd6 58.
Qf3+ Kg8 59. Qa8+ Kg7 60. Qb7+ Kh6 1-0

[Event "DSM WK M 2011"]
[Site "Karlsruhe GER"]
[Date "2011.05.14"]
[Round "6"]
[White "Kury, Karolin"]
[Black "Triantafillidis, Zoé"]
[Result "0-1"]
[Termination "normal"]
[Board "5.2"]
[WhiteElo "867"]
[BlackElo "1187"]
[WhiteTeam "St. Ursula-Gymnasium Freiburg"]
[BlackTeam "Elly-Heuss-Knapp-Gymnasium Heilbronn"]
[PlyCount "82"]
[BlackFideId "12900150"]
[EventCountry "GER"]
[EventRounds "7"]
[EventType "team-swiss"]
[EventDate "2011.05.12"]

1. e4 c6 2. Nf3 d5 3. Nc3 dxe4 4. Nxe4 Bf5 5. Bd3 Bxe4 6. Bxe4 Nf6 7. d3 Nxe4
8. dxe4 Qxd1+ 9. Kxd1 Nd7 10. Re1 e5 11. Ke2 Bc5 12. Kf1 O-O 13. Be3 Rfe8 14.
Rad1 Bxe3 15. Rxe3 Nb6 16. Rd6 Nc4 17. Nxe5 Nxe3+ 18. fxe3 Rxe5 19. Rd7 Rxe4
20. Rxb7 Rxe3 21. Rc7 Re6 22. a4 h6 23. b4 a5 24. b5 cxb5 25. axb5 Rb8 26. c4
Re4 27. g3 a4 28. Ra7 Rxc4 29. b6 Rxb6 30. Ra8+ Kh7 31. h4 h5 32. Ra5 g6 33.
Ke2 Rb3 34. Kf2 a3 35. Re5 Rc2+ 36. Re2 Rxe2+ 37. Kxe2 a2 38. Kf2 a1=Q 39. Kg2
Qc3 40. Kf2 Rb2+ 41. Kf1 Qc1# 0-1

[Event "DSM WK M 2011"]
[Site "Karlsruhe GER"]
[Date "2011.05.14"]
[Round "6"]
[White "Graf, Janine"]
[Black "Bäcker, Deborah"]
[Result "0-1"]
[Termination "normal"]
[Board "5.3"]
[WhiteElo "864"]
[BlackElo "800"]
[WhiteTeam "Elly-Heuss-Knapp-Gymnasium Heilbronn"]
[BlackTeam "St. Ursula-Gymnasium Freiburg"]
[PlyCount "138"]
[EventCountry "GER"]
[EventRounds "7"]
[EventType "team-swiss"]
[EventDate "2011.05.12"]

1. e4 e5 2. Nf3 Nc6 3. Nc3 Nf6 4. Bc4 Bc5 5. d3 O-O 6. Be3 Bb4 7. Qd2 d6 8. a3
Bxc3 9. Qxc3 Bg4 10. h3 Bxf3 11. gxf3 a6 12. O-O-O d5 13. Bb3 d4 14. Qe1 dxe3
15. fxe3 Nh5 16. Rg1 Qd7 17. Qh4 Nf6 18. Rg5 Na5 19. Rdg1 Nxb3+ 20. Kd1 g6 21.
Rxe5 Qd6 22. Qf4 Nh5 23. Qf5 Ng7 24. Qg5 Rfe8 25. Rd5 Ne6 26. Rxd6 Nxg5 27. Rd5
Nxf3 28. Rg3 c6 29. Rf5 Nfd2 30. h4 Kf8 31. Rfg5 Nf1 32. Rf3 Nbd2 33. Rh3 Rad8
34. Ke2 h6 35. Rg1 Re5 36. Rg2 g5 37. hxg5 Rxg5 38. Rf2 h5 39. Rf6 Rg6 40. Rf5
Ng3+ 41. Rxg3 Rxg3 42. Rxh5 Rg2+ 43. Ke1 Nf3+ 44. Kf1 Rg3 45. Kf2 Rg5 46. Rh8+
Rg8 47. Rh3 Ng5 48. Rg3 Nxe4+ 49. dxe4 Rxg3 50. Kxg3 Rd2 51. e5 Re2 52. Kf4
Rxc2 53. b4 Ra2 54. Kf5 Rxa3 55. e4 Rd3 56. e6 fxe6+ 57. Kxe6 Rd4 58. Kf5 Rxb4
59. e5 Ke7 60. e6 a5 61. Ke5 a4 62. Kf5 a3 63. Ke5 a2 64. Kf5 Rb5+ 65. Ke4 a1=Q
66. Kf4 Qa4+ 67. Ke3 Rb3+ 68. Kd2 Qa2+ 69. Ke1 Rb1# 0-1